[Event "Schach Nienberge 2 - SK Königsspringer "]
[Site "Verbandsklasse 2018/2019"]
[Date "2019.04.06"]
[Round "8.6"]
[White "Hagemann, Lars"]
[Black "Keller, Hansjuergen"]
[Result "1/2-1/2"]
[WhiteElo "1704"]
[BlackElo "1653"]
[PlyCount "111"]
[EventDate "2019.??.??"]
[SourceDate "2018.10.06"]

1. e4 c5 2. Nf3 Nc6 3. d4 cxd4 4. Nxd4 g6 5. Nc3 Bg7 6. Be3 d6 7. Qd2 Nf6 8. f3
O-O 9. O-O-O Nxd4 10. Bxd4 Be6 11. Kb1 Qa5 12. Nd5 Qxd2 13. Nxe7+ Kh8 14. Rxd2
Rfe8 15. Bxf6 Bxf6 16. Nd5 Bxd5 17. Rxd5 Be7 18. Bb5 Rec8 19. Rhd1 a6 20. Ba4
Rc7 21. Bb3 f6 22. f4 Rac8 23. g4 Kg7 24. e5 dxe5 25. fxe5 fxe5 26. Rxe5 Bc5
27. Red5 Re7 28. Rd7 Rc7 29. Rxc7 Rxc7 30. c3 Re7 31. Bd5 a5 32. h4 b6 33. h5
gxh5 34. gxh5 Bf2 35. Kc2 h6 36. Rd2 Bh4 37. Bc6 Bg5 38. Rd6 Rf7 39. Rg6+ Kf8
40. b4 axb4 41. cxb4 Rf6 42. Kd3 Rxg6 43. hxg6 h5 44. a4 h4 45. Ke2 Be7 46. a5
bxa5 47. bxa5 Bc5 48. a6 Kg7 49. Be4 Kf6 50. Kf3 Ba7 51. Kg4 Bf2 52. Bd3 Kg7
53. Kg5 h3 54. Kf5 h2 55. Be4 Ba7 56. Kg5 1/2-1/2

[Event "Schach Nienberge 2 - SK Königsspringer "]
[Site "Verbandsklasse 2018/2019"]
[Date "2019.04.06"]
[Round "8.7"]
[White "Steens, Rudolf"]
[Black "Joergensmann, Rolf"]
[Result "1-0"]
[WhiteElo "1779"]
[BlackElo "1629"]
[PlyCount "101"]
[EventDate "2019.??.??"]
[SourceDate "2018.10.06"]

1. e4 g6 2. d4 Bg7 3. Be3 b6 4. Nc3 Bb7 5. f3 d6 6. Qd2 e5 7. O-O-O exd4 8.
Bxd4 Bxd4 9. Qxd4 Qf6 10. Nb5 Qxd4 11. Nxd4 a6 12. c3 Ne7 13. Bd3 O-O 14. Nh3
Nbc6 15. Nf2 Ne5 16. Be2 c5 17. Nc2 Rad8 18. Nd3 N7c6 19. Nxe5 dxe5 20. Ne3
Rxd1+ 21. Rxd1 Rd8 22. Nd5 b5 23. g4 Kf8 24. g5 Ne7 25. Nf6 Rxd1+ 26. Kxd1 Kg7
27. Nd7 c4 28. Nxe5 f6 29. gxf6+ Kxf6 30. Nd7+ Kg5 31. Ke1 Kf4 32. Kf2 h5 33.
b3 cxb3 34. axb3 Bc8 35. Nc5 Nc6 36. h4 Ke5 37. Ke3 Kd6 38. Nd3 Be6 39. b4 Bc4
40. Nc5 Bxe2 41. Kxe2 a5 42. Nb7+ Kc7 43. Nxa5 Ne5 44. Ke3 Kd7 45. f4 Nf7 46.
Kd4 Kc7 47. c4 bxc4 48. Nxc4 Kb7 49. Kd5 Ka6 50. b5+ Kb7 51. Nd6+ 1-0

[Event "Schach Nienberge 2 - SK Königsspringer "]
[Site "Verbandsklasse 2018/2019"]
[Date "2019.04.06"]
[Round "8.8"]
[White "Hagemann, Bjoern"]
[Black "Sandmann, Guenter"]
[Result "1/2-1/2"]
[WhiteElo "1435"]
[BlackElo "1291"]
[PlyCount "36"]
[EventDate "2019.??.??"]
[SourceDate "2018.10.06"]

1. e4 c5 2. Nf3 Nc6 3. Nc3 b6 4. d4 cxd4 5. Nxd4 Bb7 6. Be2 Nf6 7. Bg5 e5 8.
Ndb5 a6 9. Bxf6 gxf6 10. Nd6+ Bxd6 11. Qxd6 Nd4 12. Bd3 Rc8 13. f4 Rc6 14. Qb4
Qe7 15. Qxe7+ Kxe7 16. Nd5+ Kd8 17. c3 Ne6 18. g3 Rd6 1/2-1/2

[Event "SC Klein-Berlin Rheine 2 - SV Ibbenbüre"]
[Site "Verbandsklasse 2018/2019"]
[Date "2019.04.06"]
[Round "8.1"]
[White "Welp, Michael"]
[Black "Ratert, Matthias"]
[Result "1/2-1/2"]
[WhiteElo "1872"]
[BlackElo "1878"]
[PlyCount "27"]
[EventDate "2019.??.??"]
[SourceDate "2018.10.06"]

1. e4 e5 2. d4 exd4 3. Qxd4 Nc6 4. Qe3 Nf6 5. Nc3 Bb4 6. Bd2 O-O 7. O-O-O Re8
8. Qg3 Nxe4 9. Nxe4 Rxe4 10. c3 Bf8 11. Bd3 Ra4 12. Bg5 f6 13. Qh3 g6 14. Be3
1/2-1/2

[Event "SC Klein-Berlin Rheine 2 - SV Ibbenbüre"]
[Site "Verbandsklasse 2018/2019"]
[Date "2019.04.06"]
[Round "8.2"]
[White "Van Dijk, Guido"]
[Black "Kellmann, Dominik"]
[Result "1/2-1/2"]
[WhiteElo "1769"]
[BlackElo "1777"]
[PlyCount "42"]
[EventDate "2019.??.??"]
[SourceDate "2018.10.06"]

1. e4 c6 2. d4 d5 3. exd5 cxd5 4. Bd3 Nf6 5. c3 Nc6 6. Bf4 Bg4 7. Qb3 Qd7 8.
Nd2 e6 9. h3 Bh5 10. Ngf3 Bg6 11. Be2 a6 12. O-O Be7 13. Ne5 Nxe5 14. dxe5 Ne4
15. Nxe4 Bxe4 16. f3 Bg6 17. c4 O-O 18. cxd5 exd5 19. Rfd1 Rfd8 20. Rac1 b5 21.
Be3 Qe6 1/2-1/2

[Event "SC Klein-Berlin Rheine 2 - SV Ibbenbüre"]
[Site "Verbandsklasse 2018/2019"]
[Date "2019.04.06"]
[Round "8.3"]
[White "Langer, Ralf"]
[Black "Brinkmann, Franz Josef"]
[Result "1/2-1/2"]
[WhiteElo "1734"]
[BlackElo "1754"]
[PlyCount "64"]
[EventDate "2019.??.??"]
[SourceDate "2018.10.06"]

1. d4 d5 2. Nf3 Nf6 3. Bf4 e6 4. e3 Bd6 5. Bg3 a6 6. Bd3 Nc6 7. c3 Ne7 8. O-O
Nf5 9. Nbd2 Bxg3 10. hxg3 Nd6 11. Re1 Nfe4 12. c4 b5 13. c5 Nxd2 14. Nxd2 Nc4
15. Qc2 Nxd2 16. Qxd2 c6 17. a4 Bd7 18. Ra3 Qb8 19. Rea1 b4 20. R3a2 a5 21. f4
f5 22. Kf2 Qd8 23. Qe2 Qe7 24. Rh1 Bc8 25. Raa1 Ra7 26. Rh3 Qf6 27. Qh5+ Kf8
28. Rah1 h6 29. Be2 g6 30. Qh4 Qxh4 31. Rxh4 Rah7 32. b3 Kg7 1/2-1/2

[Event "SC Klein-Berlin Rheine 2 - SV Ibbenbüre"]
[Site "Verbandsklasse 2018/2019"]
[Date "2019.04.06"]
[Round "8.4"]
[White "Miethe, Christoph"]
[Black "Wolf, Sergej"]
[Result "1-0"]
[WhiteElo "1747"]
[BlackElo "1734"]
[PlyCount "75"]
[EventDate "2019.??.??"]
[SourceDate "2018.10.06"]

1. e4 c6 2. d4 d5 3. exd5 cxd5 4. c4 e6 5. Nc3 Nf6 6. c5 Nc6 7. Nf3 Be7 8. a3
O-O 9. b4 a6 10. Bd3 Qc7 11. O-O e5 12. dxe5 Nxe5 13. Bf4 Nxf3+ 14. Qxf3 Qd7
15. Rad1 Qg4 16. Qxg4 Bxg4 17. f3 Be6 18. Rfe1 h6 19. Bc2 g5 20. Be5 Rad8 21.
Ba4 Bd7 22. Bxd7 Rxd7 23. Bxf6 Bxf6 24. Nxd5 Bb2 25. Nf6+ Bxf6 26. Rxd7 Bb2 27.
a4 Bc3 28. Rb1 Rb8 29. b5 a5 30. Rbd1 Bf6 31. R1d6 Kg7 32. Rb6 Rc8 33. Rbxb7
Rxc5 34. Rxf7+ Kg6 35. Rfc7 Rd5 36. Rc6 Rd8 37. Rbb6 Rf8 38. Rxf6+ 1-0

[Event "SC Klein-Berlin Rheine 2 - SV Ibbenbüre"]
[Site "Verbandsklasse 2018/2019"]
[Date "2019.04.06"]
[Round "8.5"]
[White "Werremeyer, Achim"]
[Black "Horstmann, Michael"]
[Result "1-0"]
[WhiteElo "1702"]
[BlackElo "1670"]
[PlyCount "37"]
[EventDate "2019.??.??"]
[SourceDate "2018.10.06"]

1. Nf3 Nf6 2. d4 e6 3. c4 Nc6 4. Nc3 Bb4 5. Qc2 O-O 6. Bg5 h6 7. Bd2 b6 8. a3
Bxc3 9. Bxc3 Bb7 10. e4 d5 11. cxd5 exd5 12. e5 Ne4 13. Bd3 Ng5 14. Be2 Ne6 15.
O-O Ne7 16. b4 c6 17. Bd2 Rc8 18. Be3 Nf5 19. Qxf5 1-0

[Event "SC Klein-Berlin Rheine 2 - SV Ibbenbüre"]
[Site "Verbandsklasse 2018/2019"]
[Date "2019.04.06"]
[Round "8.6"]
[White "Huesmann, Stephan"]
[Black "Jonas, Robert"]
[Result "1/2-1/2"]
[WhiteElo "1674"]
[BlackElo "1672"]
[PlyCount "36"]
[EventDate "2019.??.??"]
[SourceDate "2018.10.06"]

1. e4 e5 2. Nf3 Nc6 3. Bc4 Nf6 4. Ng5 d5 5. exd5 Na5 6. Bb5+ c6 7. dxc6 bxc6 8.
Bd3 Bd6 9. Nc3 O-O 10. O-O Bg4 11. f3 Bd7 12. Nge4 Nxe4 13. Nxe4 Be7 14. a3 c5
15. b3 f5 16. Ng3 Bf6 17. Rb1 Be6 18. Qe2 g6 1/2-1/2

[Event "SC Klein-Berlin Rheine 2 - SV Ibbenbüre"]
[Site "Verbandsklasse 2018/2019"]
[Date "2019.04.06"]
[Round "8.7"]
[White "Fechner, Juergen"]
[Black "Pohlmeier, Ulrich"]
[Result "0-1"]
[WhiteElo "1620"]
[BlackElo "1584"]
[PlyCount "38"]
[EventDate "2019.??.??"]
[SourceDate "2018.10.06"]

1. c4 g6 2. d4 Bg7 3. Nc3 d6 4. e4 Nf6 5. Bd3 O-O 6. Nge2 c5 7. d5 Nbd7 8. f4
a6 9. Bd2 Qc7 10. O-O Nb6 11. Qe1 Bd7 12. e5 dxe5 13. fxe5 Ng4 14. d6 exd6 15.
exd6 Qxd6 16. Qg3 Qxg3 17. Nxg3 Ne5 18. Bc2 Nexc4 19. Bf4 Nxb2 0-1

[Event "SC Klein-Berlin Rheine 2 - SV Ibbenbüre"]
[Site "Verbandsklasse 2018/2019"]
[Date "2019.04.06"]
[Round "8.8"]
[White "Engfer, Klaus"]
[Black "Welzel, Wilhelm"]
[Result "1/2-1/2"]
[WhiteElo "1595"]
[BlackElo "1528"]
[PlyCount "49"]
[EventDate "2019.??.??"]
[SourceDate "2018.10.06"]

1. e4 c5 2. Bc4 Nc6 3. Nf3 d6 4. h3 Nf6 5. Qe2 a6 6. O-O b5 7. Bd5 Nxd5 8. exd5
Nb4 9. d3 Nxd5 10. c4 Nf6 11. Bg5 Be6 12. Nc3 b4 13. Ne4 Qd7 14. b3 h6 15. Bh4
Nxe4 16. Qxe4 d5 17. cxd5 Bxd5 18. Qe3 e6 19. Ne5 Qb7 20. f3 Bd6 21. Nc4 Qc6
22. Nxd6+ Qxd6 23. Bf2 Rc8 24. Rac1 O-O 25. Rxc5 1/2-1/2